| 000 | 00000nam 2200000zi 4500 |
| 001 | 9.922005 |
| 003 | CaOODSP |
| 005 | 20250313113338 |
| 006 | m o d f |
| 007 | cr cn||||||||| |
| 008 | 230426e200111##onca o f000 0 fre d |
| 040 | |aCaOODSP|bfre|erda|cCaOODSP |
| 043 | |an-cn--- |
| 043 | |an-cn-qu |
| 086 | 1 |aSF31-57/2001F-PDF |
| 100 | 1 |aCardinal, Linda, |d1959- |eauteur. |
| 245 | 10|aLa gouvernance des minorités de langue officielle au Canada : |bune étude préliminaire / |cLinda Cardinal et Marie-Ève Hudon. |
| 264 | 1|a[Ottawa] : |bCommissariat aux langues officielles = Office of the Commissioner of Official Languages, |cNovembre 2001. |
| 300 | |a1 ressource en ligne (1 volume (pagination multiple)) : |billustrations |
| 336 | |atexte|btxt|2rdacontent/fre |
| 337 | |ainformatique|bc|2rdamedia/fre |
| 338 | |aressource en ligne|bcr|2rdacarrier/fre |
| 500 | |aTitre de départ. |
| 500 | |aPublié aussi en anglais sous le titre : The governance of Canada's official language minorities : a preliminary study. |
| 504 | |aComprend des références bibliographiques. |
| 520 | |a« La présente étude a pour objectif général de proposer une première analyse de l’efficacité de la gouvernance dans le domaine de l’épanouissement et du développement des minorités de langue officielle au Canada (anglophone au Quebec et francophone partout ailleurs au Canada). Elle fait porter son analyse sur un mode précis de coordination de l’action, les ententes Canada-communautés. Plus que tout autre mode, celui-ci implique les acteurs dans le processus décisionnel d’aménagement linguistique. Les ententes Canada-communautés ont aussi la prétention de répondre au besoin d’épanouissement et de développement des minorités de langue officielle conformément à la partie VII de la Loi sur les langues officielles (Loi) » -- Contexte, page 2. |
| 530 | |aÉgalement publié en version imprimée. |
| 650 | 6|aMinoriteĢs linguistiques|zCanada. |
| 650 | 6|aCanadiens anglais|zQuébec (Province) |
| 650 | 6|aAménagement linguistique|zCanada. |
| 710 | 1 |aCanada. |bCommissariat aux langues officielles, |eorganisme de publication. |
| 775 | 08|tThe governance of Canada's official language minorities : |w(CaOODSP)9.921996 |
| 776 | 0#|tLa gouvernance des minorités de langue officielle au Canada : |w(CaOODSP)9.663264 |
| 856 | 40|qPDF|s1.84 Mo|uhttps://publications.gc.ca/collections/collection_2023/clo-ocol/SF31-57-2001-fra.pdf |